[Event "Jolimark HK Open 2017"]
[Site "Hong Kong HKG"]
[Date "2017.12.26"]
[Round "8.24"]
[White "Deng,Jing Xin Crystal"]
[Black "Shih,Lu-Chung"]
[Result "1-0"]
[WhiteElo "1741"]
[BlackElo "1517"]

1.d4 Nf6 2.c4 c5 3.d5 e6 4.Nc3 exd5 5.cxd5 d6 6.Nf3 g6 7.h3 Bg7 8.e4 O-O
9.Bd3 a6 10.a4 Re8 11.O-O Nh5 12.Re1 Nd7 13.Bg5 Bf6 14.Bd2 Ne5 15.Be2 Nxf3+
16.Bxf3 Ng7 17.Bf4 Bd4 18.Qd2 f5 19.exf5 Bxf5 20.Rxe8+ Nxe8 21.Re1 Qh4 22.Re2 b5
23.Ne4 Qd8 24.Ng3 Bd7 25.Bg5 Qb6 26.Re7 Bf5 27.Nxf5 gxf5 28.Qf4 Ng7 29.Bh6 Bf6
30.Qg3 Ra7 31.Rxa7 Qxa7 32.Qxd6 Qe7 33.Qb8+ Kf7 34.Bf4 Bd4 35.Kf1 Qd7 36.d6 Ne8
37.Bh5+  1-0

[Event "26th Donau Open 2017"]
[Site "Aschach AUT"]
[Date "2017.12.27"]
[Round "3.1"]
[White "Istratescu,A"]
[Black "Rogulj,B"]
[Result "1/2-1/2"]
[WhiteElo "2583"]
[BlackElo "2397"]

1.d4 Nf6 2.c4 c5 3.d5 e6 4.Nc3 exd5 5.cxd5 d6 6.Nf3 g6 7.Nd2 Bg7 8.Nc4 O-O
9.Bf4 Nbd7 10.Bxd6 Re8 11.e3 Nb6 12.Bxc5 Nfxd5 13.Nxd5 Nxd5 14.Be2 Be6 15.O-O Qg5
16.Rc1 Nc3 17.bxc3 Qxc5 18.Nd2 Rad8 19.Nb3 Qa3 20.Nd4 Qxa2 21.Ra1 Qb2 22.Rxa7 Qxc3
23.Rxb7  1/2-1/2

[Event "6th Lorca Open 2017"]
[Site "Lorca ESP"]
[Date "2017.12.27"]
[Round "2.9"]
[White "Gavrilov,Al1"]
[Black "Podvin,F"]
[Result "1/2-1/2"]
[WhiteElo "2482"]
[BlackElo "2169"]

1.d4 Nf6 2.Nf3 e6 3.c4 c5 4.d5 exd5 5.cxd5 d6 6.Nc3 g6 7.Bf4 Bg7 8.Qa4+ Bd7
9.Qb3 b5 10.Bxd6 Qb6 11.Be5 O-O 12.e3 c4 13.Qd1 b4 14.Ne2 Rc8 15.Rc1 Bb5
16.Ned4 Ba6 17.Be2 Nbd7 18.O-O Rc5 19.Qa4 Rac8  1/2-1/2

[Event "47th Rilton Cup 2017-18"]
[Site "Stockholm SWE"]
[Date "2017.12.27"]
[Round "1.55"]
[White "Sazonova,A"]
[Black "Koykka,P"]
[Result "1-0"]
[WhiteElo "2127"]
[BlackElo "2367"]

1.d4 Nf6 2.c4 c5 3.d5 e6 4.Nc3 exd5 5.cxd5 d6 6.Nf3 g6 7.Nd2 Bg7 8.Nc4 O-O
9.Bf4 Ne8 10.g3 b6 11.Nb5 a6 12.Nbxd6 Nxd6 13.Bxd6 Re8 14.Bf4 Re4 15.Nd2 Rxf4
16.gxf4 Bxb2 17.Rb1 Qxd5 18.e4 Qd4 19.Bg2 Bc3 20.Qc2 Nc6 21.O-O Nb4 22.Rxb4 Bxb4
23.Nc4 Be6 24.Nxb6 Rd8 25.f5 Bc8 26.Nd5 Rxd5 27.exd5 Bxf5 28.Qa4 Bd3 29.Rd1 Qc3
30.Qe8+ Kg7 31.d6 Qc2 32.Bf3  1-0

[Event "41st Zurich Christmas"]
[Site "Zurich SUI"]
[Date "2017.12.27"]
[Round "2.4"]
[White "Kunin,V"]
[Black "Goldstern,F"]
[Result "1-0"]
[WhiteElo "2541"]
[BlackElo "2278"]

1.d4 e6 2.c4 Nf6 3.Nf3 c5 4.d5 d6 5.Nc3 exd5 6.cxd5 g6 7.e4 Bg7 8.h3 O-O
9.Bd3 b5 10.Nxb5 Re8 11.O-O Nxe4 12.Re1 a6 13.Nc3 Nxc3 14.bxc3 Bxc3 15.Bg5 Rxe1+
16.Qxe1 Bxe1 17.Bxd8 Bc3 18.Rb1 Nd7 19.Bc7 Ne5 20.Nxe5 Bxe5 21.Rb6 Kf8 22.Bxd6+ Bxd6
23.Rxd6 Ke7 24.Rc6 Bd7 25.Rxc5 Kd6 26.Ra5 Bc8 27.f3 Bb7 28.Kf2 Kc7 29.Bc4 Kb6
30.Ra4 a5 31.Ke3 Kc5 32.Ke4 f6 33.Bb3 Rd8  1-0

[Event "Bremen Silvester Open"]
[Site "Bremen GER"]
[Date "2017.12.28"]
[Round "3.12"]
[White "Schulz,Daniel"]
[Black "Klemm,Robert"]
[Result "1-0"]
[WhiteElo "2015"]
[BlackElo "1795"]

1.d4 Nf6 2.c4 c5 3.d5 e6 4.Nc3 exd5 5.cxd5 d6 6.Nf3 g6 7.g3 Bg7 8.Bg2 O-O
9.O-O a6 10.a4 Nbd7 11.h3 Re8 12.Nd2 Rb8 13.Nc4 Ne5 14.Na3 Qa5 15.Bd2 h6
16.f4 Ned7 17.Ncb5 Qd8 18.Nxd6 Nh5 19.g4 Ng3 20.Nxe8 Qxe8 21.Re1 Bxb2 22.Ra2 Bc3
23.e4 Bd4+ 24.Be3 Bc3 25.Bd2 Bd4+ 26.Kh2 Bf2 27.Bc3 Bxe1 28.Qxe1 b5 29.Ba1 Nxe4
30.Qxe4 Qd8 31.Re2 Nf6 32.Qe5 Bxg4 33.Re3 Rb6 34.axb5 axb5 35.Nxb5 Bxh3 36.Bxh3 Ng4+
37.Bxg4 Qh4+ 38.Bh3 Qf2+ 39.Bg2  1-0

[Event "6th Lorca Open 2017"]
[Site "Lorca ESP"]
[Date "2017.12.28"]
[Round "4.8"]
[White "Gavrilov,Al1"]
[Black "Kovacevic,Sl"]
[Result "1-0"]
[WhiteElo "2482"]
[BlackElo "2318"]

1.d4 Nf6 2.c4 e6 3.Nf3 c5 4.d5 exd5 5.cxd5 d6 6.Nc3 g6 7.Bf4 a6 8.a4 Qe7
9.h3 Nbd7 10.Nd2 Ne5 11.e4 h6 12.Be2 Nfd7 13.Bh2 g5 14.O-O Bg7 15.a5 O-O
16.Qc2 Ng6 17.Bg4 Nde5 18.Bxc8 Raxc8 19.Nd1 Nf4 20.Ne3 Ne2+ 21.Kh1 Nd4 22.Qb1 Ng6
23.Ndc4 Nf4 24.Re1 Rcd8 25.Nf5 Qc7 26.Bxf4 gxf4 27.Qd1 Kh7 28.Qg4 Rg8 29.Qxf4 Nc2
30.Nfxd6 Nxa1 31.Qf5+  1-0

[Event "47th Rilton Cup 2017-18"]
[Site "Stockholm SWE"]
[Date "2017.12.29"]
[Round "3.38"]
[White "Liu,Yi"]
[Black "Bauer,Thomas"]
[Result "1-0"]
[WhiteElo "2366"]
[BlackElo "2210"]

1.d4 Nf6 2.Nf3 c5 3.d5 e6 4.c4 exd5 5.cxd5 d6 6.Nc3 g6 7.Bf4 a6 8.a4 Bg7
9.h3 O-O 10.e3 Ne8 11.Be2 b6 12.O-O Ra7 13.e4 Re7 14.Nd2 f5 15.Bg5 Bf6 16.Bh6 Ng7
17.exf5 Bxf5 18.g4 Bc8 19.Nde4 Bh4 20.Qd2 Qc7 21.Bf4 Ne8 22.Bh2 Nd7 23.Qh6 Bf6
24.Nxf6+ Nexf6 25.Rae1 Rfe8 26.Qd2 c4 27.g5 Ne4 28.Nxe4 Rxe4 29.Bg4 Nc5 30.f3 Nb3
31.Rxe4 Rxe4 32.Qb4 Re2 33.Bxd6 Qa7 34.Bxc8 b5+ 35.Kh1 Nd4 36.Qc5 Qa8 37.Qc7 bxa4
38.Qd8+  1-0

[Event "3rd IIFL Wealth Mumbai Op"]
[Site "Mumbai IND"]
[Date "2017.12.31"]
[Round "2.55"]
[White "Ajay,Karthikeyan"]
[Black "Bharath,Subramaniyam H"]
[Result "1-0"]
[WhiteElo "2224"]
[BlackElo "2014"]

1.d4 Nf6 2.c4 e6 3.Nf3 c5 4.d5 exd5 5.cxd5 d6 6.Nc3 g6 7.e4 Bg7 8.Be2 O-O
9.O-O a6 10.a4 Re8 11.Bd3 Bg4 12.h3 Bxf3 13.Qxf3 Nbd7 14.Qd1 Qc7 15.Re1 Rab8
16.a5 Rbc8 17.Be3 Qd8 18.Bc2 c4 19.Ra4 Nc5 20.Rxc4 Nfd7 21.Ba4 Nxa4 22.Rxc8 Qxc8
23.Qxa4 Ne5 24.Rc1 Nd3 25.Rc2 Rf8 26.Ne2 Qd8 27.Qb3 Ne5 28.Bb6 Qh4 29.Ng3 f5
30.exf5 gxf5 31.Nf1 f4 32.f3 Qe1 33.Bf2 Qd1 34.Rc3 Qxb3 35.Rxb3 Nc4 36.Rxb7 Nxa5
37.Rb4 Rf5 38.Nd2 Rxd5 39.Ne4 Rb5 40.Ra4 Be5 41.Bd4 Bxd4+ 42.Rxd4 Rxb2 43.Nxd6 Nb3
44.Rxf4 Nc1 45.Ra4 Nd3 46.Rxa6 Nf4 47.Ra8+ Kg7 48.Nf5+ Kg6 49.Ne3 Re2 50.Ra3 h5
51.Kf1 Rb2 52.Ra4 Ne2 53.h4 Nc3 54.Rc4 Rb1+ 55.Kf2 Rb2+ 56.Kg3 Ne2+ 57.Kh2 Rb3
58.Rc6+ Kf7 59.Nf5 Rb2 60.Rc4 Kg6 61.Ng3 Nxg3 62.Kxg3 Re2 63.Rc6+ Kg7 64.Rc5 Kh6
65.Rc6+ Kg7 66.Kh3 Rf2 67.Rc3 Kf6 68.g4 hxg4+ 69.fxg4 Ra2 70.Rf3+ Kg6 71.Kg3 Ra4
72.Rb3 Kh6 73.Rb6+ Kg7 74.h5 Kh7 75.Rf6 Kg7 76.Rf4 Ra7 77.Kh4 Ra5 78.Rb4 Rc5
79.Rb7+ Kg8 80.h6 Ra5 81.g5 Ra4+ 82.Kh5 Ra5 83.Rb6 Kh7 84.Rf6 Rb5 85.Rf7+ Kg8
86.Re7 Kh8 87.Kg6 Rb6+ 88.Kf5 Kg8 89.g6 Rb8 90.Re5 Rf8+ 91.Kg5 Rb8 92.h7+ Kg7
93.Re7+ Kh8 94.Kh6 Rg8 95.hxg8=Q+ Kxg8 96.Re8+  1-0

[Event "ch-AUS 2018"]
[Site "Cammeray AUS"]
[Date "2018.01.03"]
[Round "2.5"]
[White "Ly,Mo"]
[Black "O'Chee,K"]
[Result "1-0"]
[WhiteElo "2480"]
[BlackElo "2120"]

1.d4 Nf6 2.c4 e6 3.Nf3 c5 4.d5 exd5 5.cxd5 d6 6.Nc3 g6 7.h3 Bg7 8.Bf4 O-O
9.e3 Re8 10.Be2 Ne4 11.Rc1 Qb6 12.O-O Nd7 13.Nxe4 Rxe4 14.b3 Re8 15.Nd2 Ne5
16.Bh2 f5 17.Kh1 Qb4 18.Bxe5 dxe5 19.Nc4 Rd8 20.a3 Qb5 21.Nxe5 Qe8 22.Nd3 b6
23.b4 Bb7 24.Bf3 cxb4 25.Nxb4 Bb2 26.Rc7 Rd7 27.Rxb7 Rxb7 28.d6 Rf7 29.d7 Qxd7
30.Bxa8 Bxa3 31.Nc2  1-0

[Event "29th Roquetas de Mar Open"]
[Site "Roquetas de Mar ESP"]
[Date "2018.01.03"]
[Round "3.9"]
[White "Cuenca Jimenez,J"]
[Black "Medarde Santiago,L"]
[Result "1-0"]
[WhiteElo "2489"]
[BlackElo "2350"]

1.d4 Nf6 2.c4 c5 3.d5 e6 4.Nc3 exd5 5.cxd5 d6 6.Nf3 g6 7.g3 Bg7 8.Bg2 O-O
9.O-O Re8 10.Bf4 Ne4 11.Nxe4 Rxe4 12.Nd2 Rxf4 13.gxf4 Bxb2 14.Rb1 Bg7 15.Nc4 b5
16.Rxb5 Ba6 17.Qb3 Bxb5 18.Qxb5 Bf8 19.Bh3 f5 20.e4 Nd7 21.exf5 Rb8 22.Qa6 Qh4
23.Bg2 Qxf4 24.Qxa7 Nf6 25.Ne3 Re8 26.fxg6 hxg6 27.Bh3 Re5 28.Ng2 Rg5 29.Qa3 Kh7
30.Be6 Qe4 31.Qh3+ Bh6 32.f4 Qd4+ 33.Kh1 Rh5 34.Qf3 Kg7 35.Qb3 Qb4 36.Qxb4 cxb4
37.Rc1 Ne4 38.h3 Nc3 39.a3 Nxd5 40.Bg4 bxa3 41.Bxh5 gxh5 42.Ra1 Nxf4 43.Rxa3 Nxg2
44.Kxg2 h4 45.Ra4 Bg5 46.Rd4 Be7 47.Rf4 Bf6 48.Kf3 Kg6 49.Ke4 Kg5 50.Rg4+ Kh5
51.Kf5 Be5 52.Rg6 Bg3 53.Rg7 Kh6 54.Ra7 Be5 55.Rb7 Bg3 56.Rd7 Be5 57.Rb7 Bg3
58.Rb4 Kh5 59.Rg4 Be5 60.Rg8 Kh6 61.Kg4 Bg3 62.Rg5 Kh7 63.Kh5 Be5 64.Rf5 Bg3
65.Rf7+ Kg8 66.Kg6 Be5 67.Rf3 Bg3 68.Re3 Kf8 69.Re4 d5 70.Rd4 Ke7 71.Rxd5 Ke6
72.Rf5 Kd6 73.Kf6 Kc6 74.Ke6 Kb6 75.Kd7 Be1 76.Rf1 Bg3 77.Rc1 Kb5 78.Ke6 Bf4
79.Rc2 Bg3 80.Kd5 Kb6 81.Rc1 Bf2 82.Rc6+ Kb7 83.Kd6 Bg3+ 84.Kd7 Ka7 85.Kc8 Bf2
86.Rc2 Bg3 87.Rb2 Ka6 88.Kd7 Ka7 89.Ke6 Ka6 90.Kf5 Ka7 91.Kg5 Ka6 92.Rb4 Ka5
93.Rxh4  1-0

[Event "3rd Fischer Mem GM 2018"]
[Site "Heraklion GRE"]
[Date "2018.01.04"]
[Round "3.3"]
[White "Antic,De"]
[Black "Balokas,D2"]
[Result "1-0"]
[WhiteElo "2453"]
[BlackElo "2269"]

1.d4 Nf6 2.Nf3 e6 3.c4 c5 4.d5 exd5 5.cxd5 d6 6.Nc3 g6 7.h3 b5 8.Nxb5 Bg7
9.e3 O-O 10.Nc3 Nbd7 11.Bd3 Bb7 12.e4 Re8 13.O-O c4 14.Bc2 Nc5 15.Re1 Ba6
16.Bf4 Rb8 17.Rb1 Rb7 18.Nd4 Qd7 19.b4 cxb3 20.axb3 Nh5 21.Be3 Qc8 22.Qd2 Nd7
23.Na2 Rc7 24.Nb4 Bb7 25.Nb5 Bc3 26.Nxc3 Rxc3 27.Nc6  1-0

[Event "Fuad Jafarov Mem 2018"]
[Site "Baku AZE"]
[Date "2018.01.06"]
[Round "4.10"]
[White "Gholami Orimi,Mahdi"]
[Black "Ahmadzada,Ahmad"]
[Result "1/2-1/2"]
[WhiteElo "2291"]
[BlackElo "2297"]

1.d4 Nf6 2.c4 c5 3.d5 e6 4.Nc3 exd5 5.cxd5 d6 6.Nf3 g6 7.Nd2 Nbd7 8.e4 Bg7
9.Be2 O-O 10.O-O Re8 11.f4 c4 12.Kh1 Nc5 13.e5 dxe5 14.fxe5 Rxe5 15.Nxc4 Re8
16.Bg5 h6 17.Bh4 Nce4 18.Nxe4 Rxe4 19.Bg3 Qxd5 20.Qxd5 Nxd5 21.Bf3 Rd4 22.Rad1 Ne7
23.Rxd4 Bxd4 24.Rd1 Nf5 25.Be5 Be6 26.Bxd4 Rd8 27.Bxa7 Rxd1+ 28.Bxd1 Bxc4
29.b3 Bd5 30.Kg1 Nh4 31.g3 Nf3+ 32.Kg2 Nd4+ 33.Kf2 Nc6 34.Bc5 f5 35.Ke3 Kf7
36.a4 Ke6 37.b4 Ne5 38.h3 g5 39.Bf8 f4+ 40.gxf4 gxf4+ 41.Kf2 Nd3+ 42.Ke2 Bc4
43.Kd2 Nf2 44.Bf3 Bd5 45.Ke2 Nxh3 46.Bg4+ Kf7 47.Bxh6 Bg2  1/2-1/2

[Event "7th MTS Logistics GM 2018"]
[Site "Izmir TUR"]
[Date "2018.01.10"]
[Round "6.1"]
[White "Kozul,Z"]
[Black "Kanmazalp,O"]
[Result "1/2-1/2"]
[WhiteElo "2626"]
[BlackElo "2458"]

1.d4 Nf6 2.c4 e6 3.Nf3 c5 4.d5 d6 5.Nc3 exd5 6.cxd5 g6 7.Nd2 Bg7 8.e4 O-O
9.Be2 Ne8 10.O-O f5 11.exf5 Bxf5 12.Nde4 Na6 13.Bg5 Qb6 14.Qd2 Bxe4 15.Nxe4 Nf6
16.Nxf6+ Bxf6 17.Bg4 Qb4 18.Be6+ Kh8 19.Bxf6+ Rxf6 20.Qh6 Qf4 21.Qh3 Raf8
22.Rae1 Kg7 23.Qc3 Qb4 24.Qc1 Nc7 25.f3 Nxd5 26.Bxd5 Qd4+ 27.Rf2 Qxd5 28.Qc3 Qxa2
29.Re7+ Rf7 30.Rfe2 Qd5 31.Rd2 Qf5 32.Rxf7+ Kxf7 33.Qb3+ Qe6 34.Qxb7+ Qe7
35.Qd5+ Kg7 36.Kf2 Re6 37.g4 Qh4+ 38.Kg2 Qe1 39.h4 h6 40.b3 Re2+ 41.Rxe2 Qxe2+
42.Kh3 Qe7 43.Kg2 Qe2+ 44.Kh3 Qe7 45.Kg2 a5 46.Qd2 Qd8 47.Qc3+ Kh7 48.Qd3 Kg7
49.Qc3+ Kf7 50.Qc4+ Kf8 51.Qd3 Qf6 52.Qd2 h5 53.g5 Qd8 54.Qd3 Kg7 55.Kf2 Kh7
56.Qd5 Qd7 57.Qa8 Qc7 58.Qf8 Qg7  1/2-1/2

[Event "Fuad Jafarov Mem 2018"]
[Site "Baku AZE"]
[Date "2018.01.11"]
[Round "9.9"]
[White "Gholami Orimi,Mahdi"]
[Black "Eynullayev,Altay"]
[Result "1-0"]
[WhiteElo "2291"]
[BlackElo "2121"]

1.d4 Nf6 2.Nf3 e6 3.c4 c5 4.d5 exd5 5.cxd5 d6 6.Nc3 g6 7.Nd2 Nbd7 8.g3 Bg7
9.Bg2 O-O 10.O-O Nh5 11.e4 Ne5 12.Qe2 f5 13.exf5 Bxf5 14.Nde4 Qd7 15.Qb5 Qc7
16.Qb3 c4 17.Qa3 Nd3 18.Nxd6 Rf6 19.Nxf5 gxf5 20.Qa4 Rb6 21.d6 Qc5 22.Qd1 f4
23.Bd5+ Kh8 24.Qxh5 fxg3 25.hxg3 Rxd6 26.Bf3 Qc8 27.Be4 Rh6 28.Bxh6  1-0

[Event "73rd ch-AZE 2018"]
[Site "Baku AZE"]
[Date "2018.01.18"]
[Round "4.5"]
[White "Ibrahimli,Murad"]
[Black "Eynullayev,Altay"]
[Result "0-1"]
[WhiteElo "2302"]
[BlackElo "2121"]

1.d4 Nf6 2.c4 c5 3.d5 e6 4.Nc3 exd5 5.cxd5 d6 6.Nf3 g6 7.Bg5 Bg7 8.e3 a6
9.Nd2 O-O 10.a4 Nbd7 11.Be2 Qe7 12.O-O Rb8 13.Re1 h6 14.Bh4 g5 15.Bg3 Ne5
16.Bxe5 Qxe5 17.Nc4 Qe7 18.a5 Ne8 19.Qc2 Bd7 20.Na4 Nc7 21.Nab6 Bb5 22.Rab1 Na8
23.Nxa8 Rxa8 24.Nb6 Rad8 25.Bc4 Qe5 26.Rec1 f5 27.b4 Bxc4 28.Qxc4 f4 29.bxc5 fxe3
30.c6 exf2+ 31.Kh1 bxc6 32.dxc6+ d5 33.Qxa6 Qf4 34.Nd7 Rb8 35.Qf1 Rxb1 36.Rxb1 Rc8
37.a6 Bd4 38.Qb5 Rxc6 39.Rf1 Rc1 40.Qxd5+ Kg7 41.Qb5 Rxf1+ 42.Qxf1 Qe3  0-1

[Event "Vladimir Dvorkovich Cup"]
[Site "Taganrog RUS"]
[Date "2018.01.21"]
[Round "7.17"]
[White "Sukhareva,E"]
[Black "Lystsov,Leonid"]
[Result "0-1"]
[WhiteElo "2238"]
[BlackElo "1875"]

1.d4 Nf6 2.c4 c5 3.d5 e6 4.Nc3 exd5 5.cxd5 d6 6.Nf3 g6 7.g3 Bg7 8.Bg2 O-O
9.O-O Re8 10.Nd2 Nbd7 11.Rb1 a6 12.a4 Rb8 13.h3 b5 14.axb5 axb5 15.b4 cxb4
16.Na2 Nc5 17.Nxb4 Ra8 18.Nc6 Qc7 19.Bb2 Ra2 20.Bd4 Nfd7 21.Bxg7 Kxg7 22.e3 Ne5
23.Nb3 Bf5 24.Nxc5 dxc5 25.Nxe5 Qxe5 26.Rxb5 c4 27.e4 Bxe4 28.Re1 Qf6 29.f3 Rxg2+
30.Kxg2 Bxf3+ 31.Qxf3 Rxe1 32.Qxf6+ Kxf6 33.Rc5 Rc1 34.d6 Ke6 35.Rc6 c3 36.Kf3 c2
37.Kg4 f6 38.Kh4 h6 39.Kg4 f5+ 40.Kh4 Kd7 41.Rc4 Kxd6 42.g4 fxg4 43.Kxg4 Rg1+
44.Kh4 g5+  0-1

[Event "14th Moscow Open A 2018"]
[Site "Moscow RUS"]
[Date "2018.01.27"]
[Round "1.94"]
[White "Zubkov,Vsevolod"]
[Black "Burhanov,Vassily"]
[Result "1-0"]
[WhiteElo "2333"]
[BlackElo "1934"]

1.d4 e6 2.Nf3 Nf6 3.c4 c5 4.d5 exd5 5.cxd5 d6 6.Nc3 Be7 7.e4 O-O 8.h3 Re8
9.Bd3 a6 10.a4 b6 11.Nd2 g6 12.O-O Nh5 13.Nc4 Ng7 14.Bf4 Qc7 15.e5 dxe5 16.Bxe5 Qd8
17.d6 Bf8 18.Ne4 Nd7 19.Bc3 f5 20.Ng3 Bb7 21.Qb3 Kh8 22.Rfe1 Rxe1+ 23.Rxe1 h5
24.Ne5 Nxe5 25.Bxe5 Bxd6 26.Qf7 Bxe5 27.Rxe5 Qxd3 28.Re7 Qd1+ 29.Kh2 Qd4
30.Rxb7  1-0

[Event "23rd HIT Open 2018"]
[Site "Nova Gorica SLO"]
[Date "2018.01.28"]
[Round "5.6"]
[White "Tica,Sven"]
[Black "Kobal,Sasa"]
[Result "1-0"]
[WhiteElo "2441"]
[BlackElo "2078"]

1.d4 c5 2.d5 Nf6 3.c4 e6 4.Nc3 exd5 5.cxd5 d6 6.Nf3 g6 7.g3 Bg7 8.Bg2 O-O
9.O-O Re8 10.Bf4 a6 11.a4 Nh5 12.Bg5 Qc7 13.Nd2 h6 14.Be3 Nd7 15.Nc4 Ne5
16.Nxe5 Rxe5 17.Bd2 Bd7 18.e4 Ree8 19.Qc1 Kh7 20.Re1 Nf6 21.f4 Ng4 22.Nd1 f5
23.Bc3 fxe4 24.Bxg7 Kxg7 25.Qc3+ Nf6 26.Nf2 Kf7 27.Bxe4 h5 28.Bf3 h4 29.Qd2 Rxe1+
30.Rxe1 Bxa4 31.f5 Kg7 32.Re6 Re8 33.Ng4 Nxg4 34.Rxg6+ Kf7 35.Bxg4 Qe7 36.Qh6 Qe3+
37.Qxe3 Rxe3 38.Rxd6 Bb5 39.Bh5+ Ke7 40.Rb6 Re1+ 41.Kg2 Re5 42.f6+ Kf8 43.Rxb7  1-0

[Event "23rd HIT Open 2018"]
[Site "Nova Gorica SLO"]
[Date "2018.01.29"]
[Round "6.33"]
[White "Vah,Denis"]
[Black "Pecnik,P"]
[Result "1-0"]
[WhiteElo "1634"]
[BlackElo "1824"]

1.d4 Nf6 2.c4 c5 3.d5 e6 4.Nc3 exd5 5.cxd5 d6 6.Nf3 g6 7.Bf4 a6 8.a4 Bg7
9.e3 O-O 10.h3 Bf5 11.g4 Be4 12.Nxe4 Nxe4 13.Qb3 Qa5+ 14.Ke2 Qc7 15.Nd2 Nxd2
16.Kxd2 Nd7 17.a5 Rab8 18.Kc2 b5 19.Be2 Rfc8 20.Rab1 c4 21.Qb4 Nc5 22.f3 Qe7
23.Rhd1 g5 24.Bg3 Qxe3 25.Bxd6 Nd3 26.Bxd3 cxd3+ 27.Kb3 d2+ 28.Ka2 Rc4 29.Qxd2 Ra4+
30.Ba3 Qxf3 31.b3 Rd4 32.Qh2 Re8 33.Rxd4 Bxd4 34.Qd6 Re2+ 35.Rb2 Re8 36.Qxa6 Bxb2
37.Bxb2 Re2 38.Qc8+  1-0

[Event "Turkish Cup 2018"]
[Site "Goynuk TUR"]
[Date "2018.01.30"]
[Round "6.32"]
[White "Gozubuyukoglu,S"]
[Black "Tepe,Efe Can"]
[Result "0-1"]
[WhiteElo "1843"]
[BlackElo "2055"]

1.d4 Nf6 2.c4 c5 3.d5 e6 4.Nc3 exd5 5.cxd5 d6 6.Nf3 g6 7.e4 Bg7 8.Qa4+ Bd7
9.Qb3 Na6 10.Bf4 O-O 11.Be2 Re8 12.Nd2 c4 13.Qc2 b5 14.O-O Qb6 15.Be3 Nc5
16.f3 Qc7 17.b4 cxb3 18.Nxb3 Ncxe4 19.fxe4 Nxe4 20.Bd3 Qxc3 21.Qe2 Nc5 22.Rad1 Nxb3
23.axb3 Rxe3  0-1

[Event "Turkish Cup 2018"]
[Site "Goynuk TUR"]
[Date "2018.01.31"]
[Round "7.6"]
[White "Agdelen,Huseyin Can"]
[Black "Gunduz,Umut Erdem"]
[Result "1/2-1/2"]
[WhiteElo "2302"]
[BlackElo "2139"]

1.d4 Nf6 2.c4 c5 3.d5 e6 4.Nc3 exd5 5.cxd5 d6 6.Nf3 g6 7.Bf4 a6 8.a4 Bg7
9.h3 O-O 10.e3 Qe7 11.Be2 Nfd7 12.O-O Ne5 13.Nd2 Nbd7 14.a5 f5 15.Bh2 Rb8
16.Ra3 Re8 17.Qc2 Nf7 18.Nc4 Nfe5 19.Nd2 Nf7 20.Rb1 b5 21.axb6 Nxb6 22.Nc4  1/2-1/2

[Event "Turkish Cup 2018"]
[Site "Goynuk TUR"]
[Date "2018.02.01"]
[Round "8.46"]
[White "Karakurt,Fahri"]
[Black "Aladag,Yigit Dogan"]
[Result "1-0"]
[WhiteElo "1889"]
[BlackElo "1811"]

1.d4 Nf6 2.c4 c5 3.d5 e6 4.Nc3 exd5 5.cxd5 d6 6.Nf3 g6 7.g3 Bg7 8.Bg2 O-O
9.O-O a6 10.a4 Nbd7 11.Bf4 Qc7 12.e4 Nh5 13.Be3 f5 14.exf5 gxf5 15.Ng5 Ndf6
16.Ne6 Bxe6 17.dxe6 f4 18.Bd2 Bh6 19.Nd5 Qg7 20.Bc3 Rae8 21.Bf3 Qg5 22.Bxf6 Nxf6
23.e7 Rf7 24.Re1 fxg3 25.hxg3 Qf5 26.Nxf6+ Rxf6 27.Qd5+ Kg7 28.Qxf5 Rxf5
29.Bxb7 Rf7 30.Bxa6 Rfxe7 31.Rxe7+ Rxe7 32.Rd1 Rd7 33.Bb5 Rd8 34.a5 Rb8 35.Bc4 Rxb2
36.a6 Rb4 37.Ra1  1-0

[Event "2nd Marcel Duchamp Cup"]
[Site "Montevideo URU"]
[Date "2018.02.02"]
[Round "1.1"]
[White "Pena Canapa,Alfredo"]
[Black "Mareco,S"]
[Result "0-1"]
[WhiteElo "1893"]
[BlackElo "2632"]

1.d4 Nf6 2.c4 e6 3.Nf3 c5 4.d5 exd5 5.cxd5 d6 6.Nc3 g6 7.Bf4 Bg7 8.Qc2 O-O
9.e3 a6 10.a4 Qe7 11.Bd3 Bg4 12.Nd2 Nh5 13.O-O b6 14.Bg3 Nd7 15.Nc4 Nxg3
16.hxg3 Rab8 17.Rfe1 Nf6 18.e4 Nh5 19.Be2 Bxe2 20.Qxe2 Bd4 21.Qg4 b5 22.axb5 axb5
23.Ne3 b4 24.Ncd1 Nf6 25.Nf5 Qe5 26.Nh6+ Kg7 27.Qh4 Nxd5 28.Ng4 Qe7 29.Qh6+ Kh8
30.e5 dxe5 31.Ra6 e4 32.Nde3 Nxe3 33.Rxe3 f5  0-1

[Event "14th Moscow Open F 2018"]
[Site "Moscow RUS"]
[Date "2018.02.02"]
[Round "8.12"]
[White "Velichko,Arseny"]
[Black "Meyer,Henrik"]
[Result "0-1"]
[WhiteElo "2155"]
[BlackElo "2086"]

1.d4 c5 2.d5 Nf6 3.c4 e6 4.Nc3 exd5 5.cxd5 d6 6.Nf3 g6 7.Bf4 Bg7 8.Qa4+ Bd7
9.Qb3 b5 10.Bxd6 Qb6 11.Be5 O-O 12.e3 c4 13.Qd1 b4 14.Ne2 Rc8 15.Rc1 Qa5
16.Qd4 Nxd5 17.Bxg7 Nc6 18.Qd2 Kxg7 19.Rxc4 Qxa2 20.Nc1 Qa5 21.Nb3 Qa2 22.Nc5 Nb6
23.Rc1 Bg4 24.Be2 Rd8 25.Qc2 Rac8 26.O-O Bxf3 27.Ra1 Qd5 28.Bxf3 Qg5 29.Nb7 Ne5
30.Qe4 Rc4 31.Nxd8 Rxe4 32.Ne6+ fxe6 33.Rxa7+ Kh6 34.Bxe4 Nec4 35.f4 Qd8
36.g4 Nd7 37.g5+ Kg7 38.Rd1 Nb6 39.Bc6 Qb8 40.Rb7 Qc8 41.Rd6 Kf7 42.e4 Ke7
43.e5 Kf8 44.Rxe6 Qa8 45.Kg2 Qa2 46.Rd6 Qxb2+ 47.Kg3 Qc3+ 48.Kg4 Qc2 49.e6 h5+
50.Kg3 h4+ 51.Kh3 Qf5+ 52.Kg2 Qg4+ 53.Kh1 Qe2 54.h3 Qf1+ 55.Kh2 Qxf4+ 56.Kg1 Qxd6
57.exd7 Nxd7 58.Bxd7 Qg3+  0-1

[Event "ch-POL Academic Team 2018"]
[Site "Katowice POL"]
[Date "2018.02.03"]
[Round "3.5"]
[White "Popiol,M"]
[Black "Smieszek,W"]
[Result "1/2-1/2"]
[WhiteElo "2060"]
[BlackElo "2137"]

1.d4 Nf6 2.c4 c5 3.d5 e6 4.Nc3 exd5 5.cxd5 d6 6.Nf3 g6 7.Nd2 Nbd7 8.Nc4 Nb6
9.e4 Bg7 10.Bf4 Nxc4 11.Bxc4 O-O 12.O-O a6 13.a4 Re8 14.Re1 Nh5 15.Be3 Rb8
16.f3 Bd7 17.Qd3 f5 18.exf5 Bxf5 19.Qd2 Bd7 20.a5 Qh4 21.Bf1 Rxe3 22.Rxe3 Bd4
23.Re1 Re8 24.Ne4 Bf5 25.g3 Qd8 26.Kh1 Bxe3 27.Rxe3 Bxe4 28.Rxe4 Rxe4 29.fxe4 Qe7
30.Bg2 Qe5 31.Kg1 Nf6 32.Qc2 Qd4+ 33.Qf2 Qxf2+ 34.Kxf2 Ng4+ 35.Kf3 Ne5+ 36.Ke2 Nc4
37.Kd3 Nxa5 38.e5 dxe5 39.d6 Kf7 40.Bd5+ Ke8 41.Ke4 Kd7 42.Kxe5 Nc6+ 43.Kf6 Kxd6
44.Bg8 h5 45.Bf7 Ne5 46.Bxg6 Ng4+ 47.Kf5 Nxh2 48.Bxh5 b5 49.g4 Nf3 50.g5 Nxg5
51.Kxg5 Ke5 52.Kg4 Ke4 53.Bg6+ Ke3 54.Kf5 Kd4 55.Kf4 c4 56.Kf3 c3 57.bxc3+ Kxc3
58.Ke2 a5 59.Kd1 Kb2 60.Be8 b4 61.Ba4 b3 62.Bxb3 Kxb3 63.Kc1  1/2-1/2

[Event "TCh-BEL 2017-18"]
[Site "Belgium BEL"]
[Date "2018.02.04"]
[Round "6.7"]
[White "Toulzac,PY"]
[Black "Wiersma,E"]
[Result "1/2-1/2"]
[WhiteElo "2213"]
[BlackElo "2342"]

1.d4 Nf6 2.c4 e6 3.Nf3 c5 4.d5 exd5 5.cxd5 d6 6.Nc3 g6 7.h3 Bg7 8.Bf4 O-O
9.e3 Na6 10.Nd2 Nc7 11.Nc4 b5 12.Nxd6 b4 13.Na4 Nfxd5 14.Nxc8 Nxf4 15.Qxd8 Rxd8
16.Ne7+ Kf8 17.Nc6 Nd3+ 18.Bxd3 Rxd3 19.Na5 Ne6 20.Rd1 Rxd1+ 21.Kxd1 f5 22.Kc2 f4
23.exf4 Rc8 24.Kb3 Nxf4 25.g3 Nd3 26.f4 Bd4 27.Kc4 Nxb2+ 28.Nxb2 Bxb2 29.Rd1 Bd4
30.Nb3 Bf2  1/2-1/2

[Event "TCh-CZE 1 Liga Zapad"]
[Site "Czech Republic CZE"]
[Date "2018.02.04"]
[Round "7.4"]
[White "Voloshin,L"]
[Black "Straka,V"]
[Result "1/2-1/2"]
[WhiteElo "2362"]
[BlackElo "2337"]

1.d4 Nf6 2.c4 c5 3.d5 e6 4.Nc3 exd5 5.cxd5 d6 6.Nf3 g6 7.Nd2 a6 8.a4 Bg7
9.Nc4 O-O 10.Bf4 Nbd7 11.e3 Nb6 12.h3 Nxc4 13.Bxc4 Re8  1/2-1/2

[Event "2nd Marcel Duchamp Cup"]
[Site "Montevideo URU"]
[Date "2018.02.04"]
[Round "4.27"]
[White "Ramos Correa,Gabriel"]
[Black "Dominguez,Facundo"]
[Result "1-0"]
[WhiteElo "1895"]
[BlackElo "2116"]

1.d4 Nf6 2.c4 e6 3.Nf3 c5 4.d5 exd5 5.cxd5 d6 6.Nc3 g6 7.e4 Bg7 8.Bd3 O-O
9.h3 Re8 10.O-O a6 11.a4 Nbd7 12.Bf4 Qe7 13.Re1 Nh5 14.Bh2 Qf6 15.Qd2 h6
16.Rab1 g5 17.Be2 Nf4 18.Bxf4 gxf4 19.Bd3 Ne5 20.Be2 Bd7 21.Nxe5 Rxe5 22.Bf3 h5
23.Ne2 Bh6 24.Qa5 Kh8 25.b3 Bxh3 26.gxh3 Qh4 27.Kf1 Qxh3+ 28.Bg2 Qg4 29.Qc3 Rg8
30.Qf3 Qh4 31.Rec1 Qh2 32.Bh3 Reg5 33.Ke1 Rg3 34.fxg3 Qxh3 35.Qf1 Qh2 36.gxf4 Rg2
37.Rc3 Bxf4 38.Rf3 Bh6 39.Rxf7 Qh4+ 40.Kd1 Qxe4 41.Qf6+ Bg7 42.Rf8+ Kh7 43.Qf5+ Qxf5
44.Rxf5 Rh2 45.Kd2 Bh6+ 46.Kd3 Rh3+ 47.Kc2 Rh2 48.Re1 h4 49.Rff1 Bg5 50.Kd1 b5
51.Rh1 Rf2 52.Ref1 Rxf1+ 53.Rxf1 Kg6 54.axb5 axb5 55.Nc3 c4 56.b4 Kh5 57.Nxb5 h3
58.Nxd6 Be7 59.Nxc4 Bxb4 60.d6 Kh4 61.Ke2 Kg3 62.d7 Be7 63.Rg1+ Kf4 64.Nd2 Bd8
65.Rg8 h2 66.Rxd8 h1=Q 67.Rf8+ Kg4 68.d8=Q Qh2+ 69.Kd1  1-0

[Event "14th Moscow Open A 2018"]
[Site "Moscow RUS"]
[Date "2018.02.04"]
[Round "9.54"]
[White "Cherepanov,V"]
[Black "Vinogradov,Vl1"]
[Result "1-0"]
[WhiteElo "2355"]
[BlackElo "2120"]

1.d4 Nf6 2.c4 c5 3.d5 e6 4.Nc3 exd5 5.cxd5 d6 6.Nf3 g6 7.Nd2 Bg7 8.e4 O-O
9.Be2 b6 10.O-O Re8 11.Re1 a6 12.a4 g5 13.Qc2 h6 14.Nc4 Ra7 15.f4 Ng4 16.Bxg4 Bxg4
17.h3 Bf5 18.Bd2 Bd4+ 19.Kh2 Bh7 20.f5 Rae7 21.Kh1 Qc7 22.g4 Nd7 23.h4 Nf6
24.hxg5 Nxg4 25.Rg1 Nf2+ 26.Kh2 Rxe4 27.Nxe4 Rxe4 28.g6 Qe7 29.gxh7+ Kxh7
30.f6 Qxf6 31.Rg3 Kh8 32.Kg2 Re2 33.Re1 Qe7 34.Kf1 Rxe1+ 35.Bxe1 Ne4 36.Rf3 Ng5
37.Bh4 Qd7 38.Bxg5 hxg5 39.Qf5  1-0